Portraits / (Record no. 19324)

MARC details
000 -LEADER
fixed length control field 01080cam a2200313 i 4500
001 - CONTROL NUMBER
control field 18101741
003 - CONTROL NUMBER IDENTIFIER
control field EG-ScBUE
005 - DATE AND TIME OF LATEST TRANSACTION
control field 20230110100100.0
008 - FIXED-LENGTH DATA ELEMENTS--GENERAL INFORMATION
fixed length control field 140403t2012 cauc f 000 0 eng d
020 ## - INTERNATIONAL STANDARD BOOK NUMBER
International Standard Book Number 9781600582776
020 ## - INTERNATIONAL STANDARD BOOK NUMBER
International Standard Book Number 160058277X
040 ## - CATALOGING SOURCE
Original cataloging agency BTCTA
Language of cataloging eng
Description conventions rda
Transcribing agency BTCTA
Modifying agency UKMGB
-- BDX
-- BKL
-- GO9
-- CGP
-- CQA
-- OCLCF
-- DLC
-- EG-ScBUE
082 04 - DEWEY DECIMAL CLASSIFICATION NUMBER
Classification number 751.422
Item number HAB
Edition number 22
100 1# - MAIN ENTRY--PERSONAL NAME
Personal name Habets, Peggi,
Relator term author.
9 (RLIN) 37959
245 10 - TITLE STATEMENT
Title Portraits /
Statement of responsibility, etc by Peggi Habets.
246 34 - VARYING FORM OF TITLE
Title proper/short title Portraits :
Remainder of title discover dynamic techniques for creating lifelike heads and faces in watercolor
264 #1 - PUBLICATION, DISTRIBUTION, ETC. (IMPRINT)
Place of publication, distribution, etc Irvine, CA :
Name of publisher, distributor, etc Walter Foster Publishing,
Date of publication, distribution, etc [2012]
264 #4 - PUBLICATION, DISTRIBUTION, ETC. (IMPRINT)
Date of publication, distribution, etc c2012
300 ## - PHYSICAL DESCRIPTION
Extent 64 pages :
Other physical details portraits ;
Dimensions 24 cm.
336 ## - CONTENT TYPE
Source rdacontent
Content type term text
Content type code txt
337 ## - MEDIA TYPE
Source rdamedia
Media type term unmediated
Media type code n
338 ## - CARRIER TYPE
Source rdacarrier
Carrier type term volume
Carrier type code nc
490 0# - SERIES STATEMENT
Series statement Watercolor made easy ;
Volume number/sequential designation WME7
650 #7 - SUBJECT ADDED ENTRY--TOPICAL TERM
Topical term or geographic name as entry element Watercolor painting
General subdivision Technique.
Source of heading or term BUEsh
9 (RLIN) 37929
650 #7 - SUBJECT ADDED ENTRY--TOPICAL TERM
Topical term or geographic name as entry element Portrait painting
General subdivision Technique.
Source of heading or term BUEsh
9 (RLIN) 37958
653 ## - INDEX TERM--UNCONTROLLED
Resource For college Communication and mass media
Arrived date list May2015
655 ## - INDEX TERM--GENRE/FORM
Form subdivision Reading book
942 ## - ADDED ENTRY ELEMENTS (KOHA)
Source of classification or shelving scheme Dewey Decimal Classification
Call number prefix 751.422 HAB
Koha item type Book - Borrowing
Holdings
Withdrawn status Lost status Source of classification or shelving scheme Damaged status Not for loan Collection code Home library Current library Shelving location Date acquired Source of acquisition Cost, normal purchase price Serial Enumeration / chronology Total Checkouts Total Renewals Full call number Barcode Date last seen Date checked out Cost, replacement price Price effective from Koha item type
    Dewey Decimal Classification     Alahram Central Library Central Library Second Floor 10/05/2015   74.00 436 2 22 751.422 HAB 000038187 15/07/2025 12/02/2020 92.50 10/05/2015 Book - Borrowing